| 000 | 01738nam0a2200385 4500 | ||
|---|---|---|---|
| 001 | RU\NLR\BIBL_A\012923739 | ||
| 005 | 20260407084023.0 | ||
| 010 |
_d38 к. _92150 |
||
| 021 |
_aRU _b[69-110427] |
||
| 035 | _a(NLR Aleph) 012923739 | ||
| 090 |
_a12652282 _c12652282 |
||
| 100 | _a20130416d1969 |||y0rusy50 ca | ||
| 101 | 0 | _arus | |
| 102 | _aRU | ||
| 105 | _aa z ||||| | ||
| 200 | 1 |
_aХладноломкость металлоконструкций и деталей машин _f[Григорьев Р.С., Ларионов В.П., Новиков Г.А., Яковлев П.Г.] _gАН СССР. Сибирское отделение. Якутский филиал |
|
| 210 |
_aМосква _c"Наука" _d1969 |
||
| 215 |
_a96 с. _cчерт. _d21 |
||
| 300 | _aАвторы указаны на обороте тит.л. | ||
| 606 | 1 |
_aСталь _xХладноломкость _91715028 _3RU\NLR\AUTH\661062185 |
|
| 606 | 1 |
_aМеталлические конструкции _xПрочность _91570770 _3RU\NLR\AUTH\66688239 |
|
| 606 | 1 |
_aДетали машин _xПрочность _9941204 _3RU\NLR\AUTH\66348297 |
|
| 686 | 1 | _aК222.062.221 | |
| 686 | 1 | _aЖ434-028.4 | |
| 686 | 1 | _aК415 | |
| 701 | 1 |
_aГригорьев _bР. С. _gРуслан Спиридонович |
|
| 701 | 1 |
_8rus _7ca _aЛарионов _bВ. П. _cд-р техн. наук _f1938-2004 _gВладимир Петрович _3RU\NLR\AUTH\7724649 _97699 |
|
| 701 | 1 |
_aНовиков _bГ. А. |
|
| 701 | 1 |
_aЯковлев _bП. Г. |
|
| 712 | 0 | 2 |
_4475 _aАН СССР _bЯкутский филиал _3RU\NLR\AUTH\8811497 _9295673 |
| 801 | 0 |
_aRU _bNLR _gpsbo |
|
| 852 |
_aNLR _j69-6/12880 |
||
| 942 | _cBOOK | ||
| 980 | _aNB | ||